000 01033nam a2200205Ia 4500
003 OSt
005 20241004093220.0
007 ca aa aaaaa
008 201103s9999 xx 000 0 und d
040 _cSSBUL
041 _abur
082 _223
_a၂၉၄.၃၀၇ နိုင်
110 _a နိုင်ငံတော်သံဃာမဟာနာကအဖွဲ့
_954840
245 1 0 _aဗုဒ္ဓဘာသာယဉ်ကျေးမှုသင်ခန်းစာ /
_cနိုင်ငံတော်သံဃမဟာနာယကအဖွဲ့။
260 _aရန်ကုန် ၊
_bသာသနာတော်ထွန်းကားပြန့်ပွားရေးဦးစီးဌာန၊
_c၂၀၀၆။
300 _aတ၊ ၁၉၈ စာမျက်နှာ ၊
_c၁၉ စင်တီ။
500 _aS-SAT: Dr. Sai Aung Tun
650 _aဗုဒ္ဒဘာသာ
_xသင်ကြားခြင်းနှင့် သင်ယူခြင်း
_954841
942 _2ddc
_cBK1
999 _c16777
_d16777